000 00416nam a2200181Ia 4500
001 10182
005 20260306161813.0
008 260306t2019||||xx |||||||||||||| ||spa||
041 _aESP
082 _a907.2
_bC82
100 _aCorti, Paola
_eAUT
245 0 _aLa utilidad de la historia
260 _c2019
300 _a406 páginas :
_c24 cm.
650 _aGEN
654 _aCHU
942 _cLIB
_dJUS
_fJUS
_2ddc
_n
999 _c10182
_d10182